Flashes – Poetic reflections of lively issues
Saved in:
| Main Author: | |
|---|---|
| Format: | Book |
| Language: | English |
| Published: |
Industrial and Merchandise Publishers
2009
|
| Tags: |
Add Tag
No Tags, Be the first to tag this record!
|
MARC
| LEADER | 00000nam a22000007a 4500 | ||
|---|---|---|---|
| 008 | 210615b ||||| |||| 00| 0 eng d | ||
| 020 | |a 978-978-48191-2-1 | ||
| 100 | |a FASUAN, Oladeji. | ||
| 245 | |a Flashes – Poetic reflections of lively issues |c Oladeji Fasuan |g vii, 131p. | ||
| 260 | |b Industrial and Merchandise Publishers |c 2009 |h Ado-Ekiti, Nigeria |i 684776 |l PN1022 .F26 |m Poetry. | ||
| 942 | |a lcc |c BK |e YUNUSA, A.A. |f 15/6/21 | ||
| 952 | |0 0 |1 0 |2 lcc |4 0 |6 PN1022 F26 |7 0 |9 2579 |a HOL |b HOL |c LP |d 2021-06-15 |l 0 |o PN1022 .F26 |p 2021-6429 |r 2021-06-15 00:00:00 |w 2021-06-15 |y BK | ||
| 999 | |c 1346 |d 1346 | ||